00290pam a2200109a 44500008004100000020002300041082001800064100001900082245003700101260003200138300001000170230405s2007 xxu||||| |||| 00| 0 eng d a8184480059cRs.295 a610.7362bNAR aNarang, Manish aApproach to Practical Pediatrics aNew DelhibJaypee Pubc2007 a270 p